MARC

Tag First Indicator Second Indicator Subfields
LEADER 00000cam a22000004a 4500
001 in00002033413
005 20220105142414.0
006 m d
007 cr cnu---unuuu
008 040804s2004 enk sb 101 0 eng d
020 |a 0203504941 (electronic bk.) 
035 |a (OCoLC)ocm56089510 
040 |a N$T  |c N$T  |d UtOrBLW 
049 |a IICN 
050 1 4 |a HV6322.7  |b .L47 2004eb 
082 0 4 |a 940.53/18  |2 22 
245 0 4 |a The lesser evil :  |b moral approaches to genocide practices /  |c editors, Helmut Dubiel and Gabriel Motzkin. 
264 1 |a London ;  |a New York :  |b Routledge,  |c 2004. 
300 |a viii, 232 pages ;  |c 24 cm. 
336 |a text  |b txt  |2 rdacontent 
337 |a computer  |b c  |2 rdamedia 
338 |a online resource  |b cr  |2 rdacarrier 
490 1 |a Totalitarian movements and political religions,  |x 1477-058X 
504 |a Includes bibliographical references and index. 
533 |a Electronic reproduction.  |b Boulder, Colo. :  |c NetLibrary,  |d 2004.  |n Available via World Wide Web.  |n Access may be limited to NetLibrary affiliated libraries.  |n "This edition published in the Taylor & Francis e-Library, 2004." 
500 |a Electronic resource. 
650 0 |a Genocide  |x Moral and ethical aspects  |v Congresses. 
650 0 |a Communism  |x Moral and ethical aspects  |v Congresses. 
650 0 |a National socialism  |x Moral and ethical aspects  |v Congresses. 
650 0 |a Totalitarianism  |x Moral and ethical aspects  |v Congresses. 
655 7 |a Electronic books.  |2 local 
700 1 |a Dubiel, Helmut,  |d 1946-  |0 http://id.loc.gov/authorities/names/n80110038 
700 1 |a Motzkin, Gabriel Gideon Hillel. 
710 2 |a NetLibrary, Inc.  |0 http://id.loc.gov/authorities/names/no99080690 
776 1 |c Original  |z 0714654930  |z 0714683957  |w (DLC) 2003055203  |w (OCoLC)52459991 
830 0 |a Totalitarian movements and political religions (Series)  |0 http://id.loc.gov/authorities/names/n2004028882 
856 4 1 |u https://proxy.library.tamu.edu/login?url=http://www.netLibrary.com/urlapi.asp?action=summary&v=1&bookid=106652  |z Connect to the full text of this electronic book  |t 0 
994 |a 92  |b IIC 
999 |a MARS 
999 f f |s 09319c04-6360-385f-8d15-1a80b26233cd  |i a974259e-a0fd-33c6-8215-dcec7c28718a  |t 0 
952 f f |a Texas A&M University  |b College Station  |c Electronic Resources  |d Available Online  |t 0  |e HV6322.7 .L47 2004eb  |h Library of Congress classification 
998 f f |a HV6322.7 .L47 2004eb  |t 0  |l Available Online